01763cam a2200433Mc 4500003000900000005001700009008004100026020001500067020001800082035002700100040003300127082001500160130004600175245006600221264004200287300004000329336002100369337002500390338002300415490001800438500009000456504003300546505038900579520019800968526001001166526001001176526001001186526001001196526000801206526000801214526000801222526000801230526000801238526000801246526000801254653002001262653002601282700002101308PE-LiUPU20250731172940.0960620s1996 miu b 001 0 eng d a0310212715 a9780310212713 a(Sirsi) i9780310212713 aPE-LiUPUbspacPE-LiUPUerda04a241.2bL110 aLaw, the gospel, and the modern Christian10aFive views on law and Gospel /cGreg L. Bahnsen ... [et al.].3 aGrand Rapids, MichbZondervanc©1996 a416 páginas. :c21 centímetros. atext2rdacontent aunmediated2rdamedia avolume2rdacarrier0 aCounterpoints aOriginally published under title: The law, the gospel, and the modern Christian, 1993 aÍndices: páginas 407-416 aThe law is the perfection of righteousness in Jesus Christ: A reformed perspective. -- The theonomic reformed approach to law and Gospel. -- The law as God's gracious guidance for the promotion of Holiness. -- The inauguration of the law of Christ with the gospel of Christ: A dispensational view. -- The law of Christ as the fulfillment of the law of Moses: A modified lutheran view. aEste libro explora cinco enfoques principales para la relación entre la ley y el Evangelio , cada autor que presenta su punto de vista particular sobre el tema y responder a los otros cuatro. aSEG42 aSEG41 aSEG40 aSEG39 aP94 aP87 aP86 aP85 aP77 aP76 aP35 0aEvangelicalismo 0aLa ley y el Evangelio1 aBahnsen, Greg L.